Culture across borders : (Registro nro. 41137)
[ vista simple ]
| 000 -LEADER | |
|---|---|
| fixed length control field | 00754cam a2200217 i 4500 |
| 001 - CONTROL NUMBER | |
| control field | 41137 |
| 003 - CONTROL NUMBER IDENTIFIER | |
| control field | Mx-PuUPA |
| 005 - DATE AND TIME OF LATEST TRANSACTION | |
| control field | 20251023102229.0 |
| 008 - FIXED-LENGTH DATA ELEMENTS--GENERAL INFORMATION | |
| fixed length control field | 140415s1998 xxu gr 000 0 spa d |
| 020 ## - INTERNATIONAL STANDARD BOOK NUMBER | |
| International Standard Book Number | 0816518335 |
| 040 ## - CATALOGING SOURCE | |
| Transcribing agency | Mx-PuUPA |
| 041 0# - LANGUAGE CODE | |
| Language code of text/sound track or separate title | spa |
| 082 04 - DEWEY DECIMAL CLASSIFICATION NUMBER | |
| Classification number | xx |
| Item number | xx |
| Edition number | 23 |
| 245 1# - TITLE STATEMENT | |
| Title | Culture across borders : |
| Remainder of title | mexican immigration & popular culture / |
| Statement of responsibility, etc. | edited by. David R. Maiel and María Herrera-Sobek |
| 264 #1 - PRODUCTION, PUBLICATION, DISTRIBUTION, MANUFACTURE, AND COPYRIGHT NOTICE | |
| Place of production, publication, distribution, manufacture | United States of America : |
| Name of producer, publisher, distributor, manufacturer | The University of Arizona Press, |
| Date of production, publication, distribution, manufacture, or copyright notice | ©1998 |
| 300 ## - PHYSICAL DESCRIPTION | |
| Extent | 268 páginas : |
| Other physical details | ilustraciones ; |
| Dimensions | 24 cm |
| 700 1# - ADDED ENTRY--PERSONAL NAME | |
| Personal name | Maciel, David R. |
| Relator term | editor |
| 700 1# - ADDED ENTRY--PERSONAL NAME | |
| Personal name | Herrera-Sobek, María, |
| Relator term | editor |
| 942 ## - ADDED ENTRY ELEMENTS (KOHA) | |
| Source of classification or shelving scheme | Dewey Decimal Classification |
| Koha item type | Libro |
| Classification part | xx |
| Item part | xx |
| Withdrawn status | Lost status | Source of classification or shelving scheme | Damaged status | Not for loan | Collection code | Home library | Current library | Shelving location | Date acquired | Source of acquisition | Total Checkouts | Full call number | Barcode | Date last seen | Date last checked out | Price effective from | Koha item type |
|---|---|---|---|---|---|---|---|---|---|---|---|---|---|---|---|---|---|
| Dewey Decimal Classification | En catalogación | General | Biblioteca Karol Wojtyla | Biblioteca Karol Wojtyla | Procesos técnicos | 03/12/2013 | Donación | xx | 62071 | 03/02/2015 | 03/02/2015 | 03/12/2013 | Libro |